Vista normal
Vista MARC
Entrada Materia (personas)
Número de registros utilizados en: 1
001 - CONTROL NUMBER
- control field: 163580
003 - CONTROL NUMBER IDENTIFIER
- control field: Co-BoUCM
005 - DATE AND TIME OF LATEST TRANSACTION
- control field: 20211111074635.0
008 - FIXED-LENGTH DATA ELEMENTS
- fixed length control field: 211111|| aca||aabn | a|a d
040 ## - CATALOGING SOURCE
- Original cataloging agency: Co-BoUCM
- Transcribing agency: Co-BoUCM
100 ## - HEADING--PERSONAL NAME
- Personal name: Jimenéz, Natalia
670 ## - SOURCE DATA FOUND
- Source citation: Work cat.: (Co-BoUCM)53157: Bogotá. Alcaldía Mayor de Bogotá. Instituto Distrital Cultura y Turismo. IDCT 163579, Estado del arte de la investigación sobre las comunidades de afrodescendientes y raizales en Bogotá D. C., 2006